Лапы прочь от елочки! (Запись № 10394947)

Подробности
000 -МАРКЕР
контрольное поле 02005nam0a2200421 i 4500
001 - ИДЕНТИФИКАТОР ЗАПИСИ
контрольное поле RU\NLR\BIBL_A\010564147
005 - ИДЕНТИФИКАТОР ВЕРСИИ
контрольное поле 20260406091226.0
010 ## - МЕЖДУНАРОДНЫЙ СТАНДАРТНЫЙ НОМЕР КНИГИ (ISBN)
Номер (ISBN) 9785170824380
Тираж 5000
021 ## - НОМЕР ГОСУДАРСТВЕННОЙ РЕГИСТРАЦИИ
Код страны Российская Федерация
Номер 2015-75994
Номер Листа государственной регистраци 4585
021 ## - НОМЕР ГОСУДАРСТВЕННОЙ РЕГИСТРАЦИИ
Код страны Российская Федерация
Номер 2014-77952
Номер Листа государственной регистраци 4767
035 ## - ДРУГИЕ СИСТЕМНЫЕ НОМЕРА
Идентификатор записи (NILC)RuMoRGB-007567354
035 ## - ДРУГИЕ СИСТЕМНЫЕ НОМЕРА
Идентификатор записи (NLR Aleph) 010564147
100 ## - ДАННЫЕ ОБЩЕЙ ОБРАБОТКИ
Данные общей обработки 20141212d2013 c y0rusy50 ca
101 0# - ЯЗЫК РЕСУРСА
Язык текста, звукозаписи и т.д. русский
102 ## - СТРАНА ПУБЛИКАЦИИ ИЛИ ПРОИЗВОДСТВА
Страна публикации Российская Федерация
105 ## - ПОЛЕ КОДИРОВАННЫХ ДАННЫХ: ТЕКСТОВЫЕ МАТЕРИАЛЫ, МОНОГРАФИЧЕСКИЕ
Кодированные данные о монографическом текстовом документе a|||z|||000ay
200 1# - ЗАГЛАВИЕ И СВЕДЕНИЯ ОБ ОТВЕТСТВЕННОСТИ
Основное заглавие Лапы прочь от елочки!
Сведения, относящиеся к заглавию [повесть-сказка
-- для младшего и среднего школьного возраста]
Первые сведения об ответственности К. Матюшкина, К. Оковитая
Последующие сведения об ответственности стихи Александра Тимофеева
-- рис. авт.
210 ## - ПУБЛИКАЦИЯ, РАСПРОСТРАНЕНИЕ И ДР.
Место издания, распространения и т.д. Москва
Имя издателя, распространителя и т. д. АСТ
Дата издания, распространения и т.д. 2013
-- (макет 2014)
215 ## - ФИЗИЧЕСКАЯ ХАРАКТЕРИСТИКА
Специфическое обозначение материала и объем 186, [6] с.
Другие сведения о физической характеристике цв. ил.
Размеры 20
225 1# - СЕРИЯ
Основное заглавие серии Прикольный детектив
320 ## - ПРИМЕЧАНИЯ О НАЛИЧИИ В ДОКУМЕНТЕ БИБЛИОГРАФИИ / УКАЗАТЕЛЯ
Текст примечания Др. произведения авт. на 4-й с.
333 ## - ПРИМЕЧАНИЯ ОБ ОСОБЕННОСТЯХ РАСПРОСТРАНЕНИЯ И ИСПОЛЬЗОВАНИЯ
Текст примечания 6+
686 0# - ИНДЕКСЫ ДРУГИХ КЛАССИФИКАЦИЙ
Индекс Ш9(2)60=Р7-2
686 0# - ИНДЕКСЫ ДРУГИХ КЛАССИФИКАЦИЙ
Индекс Ш9(2)62=Р7-2
700 #1 - ИМЯ ЛИЦА - ПЕРВИЧНАЯ ОТВЕТСТВЕННОСТЬ
Материалы, к которым относится поле rus
Графика поля Кириллица
Начальный элемент ввода Матюшкина
Часть имени, кроме начального элемента ввода Е. А.
Даты 1976-
Расширение инициалов личного имени Екатерина Александровна
Идентификатор авторитетной/нормативной записи RU\NLR\AUTH\7746761
Системный номер авторитетной/нормативной записи 29696
701 #1 - ИМЯ ЛИЦА - АЛЬТЕРНАТИВНАЯ ОТВЕТСТВЕННОСТЬ
Код отношения Автор
Материалы, к которым относится поле rus
Графика поля Кириллица
Начальный элемент ввода Оковитая
Часть имени, кроме начального элемента ввода Е. В.
Даты 1980-
Расширение инициалов личного имени Екатерина Викторовна
Идентификатор авторитетной/нормативной записи RU\NLR\AUTH\7760013
Системный номер авторитетной/нормативной записи 42944
702 #1 - ИМЯ ЛИЦА - ВТОРИЧНАЯ ОТВЕТСТВЕННОСТЬ
Код отношения Прочие
Материалы, к которым относится поле rus
Графика поля Кириллица
Начальный элемент ввода Тимофеев
Часть имени, кроме начального элемента ввода А. Г.
Дополнения к именам, кроме дат художник, поэт
Даты 1936-
Расширение инициалов личного имени Александр Георгиевич
Идентификатор авторитетной/нормативной записи RU\NLR\AUTH\7782371
Системный номер авторитетной/нормативной записи 65299
702 #1 - ИМЯ ЛИЦА - ВТОРИЧНАЯ ОТВЕТСТВЕННОСТЬ
Код отношения Иллюстратор
Материалы, к которым относится поле rus
Графика поля Кириллица
Начальный элемент ввода Матюшкина
Часть имени, кроме начального элемента ввода Е. А.
Даты 1976-
Расширение инициалов личного имени Екатерина Александровна
Идентификатор авторитетной/нормативной записи RU\NLR\AUTH\7746761
Системный номер авторитетной/нормативной записи 29696
702 #1 - ИМЯ ЛИЦА - ВТОРИЧНАЯ ОТВЕТСТВЕННОСТЬ
Код отношения Автор
Материалы, к которым относится поле rus
Графика поля Кириллица
Начальный элемент ввода Оковитая
Часть имени, кроме начального элемента ввода Е. В.
Даты 1980-
Расширение инициалов личного имени Екатерина Викторовна
Идентификатор авторитетной/нормативной записи RU\NLR\AUTH\7760013
Системный номер авторитетной/нормативной записи 42944
801 #0 - ИСТОЧНИК ЗАПИСИ
Страна Российская Федерация
Организация RuMoRKP
Дата составления 20121122
Правила каталогизации RCR
801 #2 - ИСТОЧНИК ЗАПИСИ
Страна Российская Федерация
Организация РГБ
Дата составления 20141015
Правила каталогизации rcr
942 ## - ДОПОЛНИТЕЛЬНЫЕ ЭЛЕМЕНТЫ ЗАПИСИ (АБИС)
Тип экземпляра АБИС Книга
980 ## - КОЛЛЕКЦИЯ
Название коллекции НБР

Нет доступных экземпляров.